[Event "Delft Prinsenstad op-C"]
[Site "Delft"]
[Date "2009.01.04"]
[Round "6"]
[White "Van der Tol, Henk"]
[Black "Jaspers Focks, Martin"]
[Result "1-0"]
[WhiteElo "1561"]
[BlackElo "1513"]
[PlyCount "69"]
[EventDate "2009.01.02"]
[EventType "swiss"]
[EventRounds "6"]
[EventCountry "NED"]
[SourceTitle "EXT 2011"]
[Source "ChessBase"]
[SourceDate "2010.11.26"]
[SourceVersion "1"]
[SourceVersionDate "2010.11.26"]
[SourceQuality "1"]

1. e4 e5 2. Nf3 Nc6 3. Bc4 Bc5 4. Nc3 Nf6 5. d3 d6 6. Be3 Bxe3 7. fxe3 Bg4 8. a3 Nh5 9. 0-0 0-0 10. Qe1 Ne7 11. Qh4 Qd7 12. Ng5 Ng6 13. Rxf7 Rxf7 14. Bxf7+ Kf8 15. Bxg6 hxg6 16. Rf1+ Kg8 17. h3 Be6 18. Nxe6 Qxe6 19. Nd5 Re8 20. Nxc7 Qe7 21. Qxe7 Rxe7 22. Nd5 Re6 23. Kh2 Nf6 24. Nxf6+ Rxf6 25. Rxf6 gxf6 26. d4 b5 27. dxe5 dxe5 28. g4 Kg7 29. Kg3 g5 30. h4 gxh4+ 31. Kxh4 Kg6 32. a4 bxa4 33. c4 Kf7 34. Kh5 Ke6 35. c5 1-0